000 00640nam a2200229Ia 4500
003 OSt
005 20220928111727.0
006 a|||||r|||| 00| 0
007 ta
008 220927b |||||||| |||| 00| 0 eng d
024 _a62266
037 _cTextual
040 _aSDCL
_cSDCL
_beng
041 _2eng
_aeng
082 _aDelta3:3:g, M1
100 _aDige Arahat Dass Bandoba
_9424747
245 0 _aJain yog kaaalochnatmak adhayayan
260 _aVaranasi
_bSohanLal Jaindharm Pracharak Samiti
300 _a95p
_ccm.
942 _hDelta3:3:g, M1
_cTEXL
_2CC
999 _c741614
_d741614